000 00656nam a22002537a 4500
003 UA-OsUOA
001 52247
007 ta
008 20080207b un ||||| |||| 00| 0 ukr d
100 _aАткинсон
700 _aЛеон
090 _a004.738.5
942 _cBK
040 _aUA-OsUOA
_brus
_cUA-OsUOA
_dUA-OsUOA
245 _aPHP 5. Библиотека професионала
300 _a944 с.
955 _a2
041 _arus
080 _a004.738.5
020 _a5-8459-0735-7
260 _aМ.
_bВильямс
_c2006
650 7 _a00 Загальні питання науки і культури
_2UDC
999 _c338335
_d338335